| 000 | 00608nam a22001937a 4500 | ||
|---|---|---|---|
| 005 | 20220803133237.0 | ||
| 008 | 220802b ||||| |||| 00| 0 eng d | ||
| 040 | _cAL | ||
| 041 | _aEnglish | ||
| 082 |
_223 _a615.94 _bASIS |
||
| 100 |
_aAsian Institute of Transport development _954613 |
||
| 245 | _aSecuritisation for Infrastructure financing | ||
| 260 |
_aNew Delhi _bAsian Institute of Transport development _c2000 |
||
| 300 |
_a170 p. _bPB _c22x15 cm. |
||
| 650 |
_aSecurisation _954614 |
||
| 650 |
_aFinancing _954615 |
||
| 700 |
_aASIAN INSTITUTE OF TRANSPORT DEVELOPMENT _954616 |
||
| 942 |
_2ddc _cGF |
||
| 999 |
_c224364 _d224364 |
||